| 000 | 00569 a2200145 4500 | ||
|---|---|---|---|
| 999 |
_c1063 _d1063 |
||
| 020 | _a 9780534122225 | ||
| 050 | _aGF41. MIL 2009 | ||
| 100 |
_a Miller, G. Tyler (George Tyler), _d1931- |
||
| 245 |
_aLiving in the environment : _ban introduction to environmental science / _cG Tyler Miller |
||
| 264 |
_aBelmont, Calif. : _bWadsworth Pub. Co. _c, ♭2009 |
||
| 300 | _axviii, 620, 60 pages, 8 unnumbered pages of plates : illustrations (some color) ; 29 cm | ||
| 500 | _a"The Annenberg/CPB project"--Cover. | ||
| 650 | _aHuman ecology. | ||
| 942 |
_2lcc _cBK _h41 _iMIL _k2009 |
||